000 00259nam a22001097a 4500
082 _a425
_bCAM/I
100 _aCAMPELL, DIANNA
245 _aIMPROVE YOUR ENGLISH
246 _aIMPROVE YOUR ENGLISH
_bIMPROVE YOUR ENGLISH
650 _aENGLISH GRAMMAR
942 _cBK
999 _c8853
_d8853